Country that has changed its name - Statistics

General Stats
  • This quiz has been taken 27 times
  • The average score is 15 of 21
Answer Stats
Old name New name Year % Correct
Macedonia North Macedonia 2019
96%
East Pakistan Bangladesh 1971
91%
Persia Iran 1935
91%
Burma Myanmar 1989
91%
Siam Thailand 1949
91%
Ceylon Sri Lanka 1972
87%
Southern Rhodesia Zimbabwe 1980
87%
Zaire Dem. Rep. of the Congo 1997
83%
Czech Republic Czechia 2016
78%
Swaziland Eswatini 2018
78%
Abyssinia Ethiopia IVe siècle
78%
British Honduras Belize 1973
74%
Dutch Guiana Suriname 1987
74%
Northern Rhodesia Zambia 1964
74%
Kampuchea Cambodia 1989
65%
Gold Coast Ghana 1957
65%
Dahomey Benin 1975
43%
Nyassaland Malawi 1964
39%
New Holland Australia 1824
35%
Upper Volta Burkina Faso 1984
35%
New Hebrides Vanuatu 1980
26%
No matching quizzes found
Score Distribution
Percent of People with Each Score
Percentile by Number Answered
Your Score History
You have not taken this quiz